000 00354nam a22001577a 4500
003 MACL
005 20151223130653.0
008 151223b xxu||||| |||| 00| 0 eng d
040 _cMACL
041 _aEnglish
082 _a004/ANA
100 _aAnand,Rohit
_922332
245 _aInternet Education
650 _aComputer Science
_916
942 _2ddc
_cBK
999 _c51617
_d51617